000 01127cam a2200301 a 4500
001 3889575
003 ARRUPE
005 20131011142042.0
008 900601s1990 ctub b 001 0 eng
010 _a 90040030
020 _a0300049102
040 _aDLC
_cDLC
_dDLC
043 _afb-----
050 0 0 _aBV3520
_b.G72 1991
100 1 _aGray, Richard,
_d1929-
_92485
245 1 0 _aBlack Christians and White missionaries /
_cRichard Gray.
260 _aNew Haven :
_bYale University Press,
_c1990.
300 _aviii, 134 p. :
_bmap ;
_c23 cm.
500 _aSpine title: Black Christians & White missionaries.
504 _aIncludes bibliographical references (p. [118]-131) and index.
650 0 _aMissions
_zAfrica, Sub-Saharan.
_92486
651 0 _aAfrica, Sub-Saharan
_xReligion.
_92487
651 0 _aAfrica, Sub-Saharan
_xChurch history.
_92488
740 0 _aBlack Christians & White missionaries.
906 _a7
_bcbc
_corignew
_d1
_eocip
_f19
_gy-gencatlg
942 _2lcc
_cMONOGRAPH
999 _c118338
_d118338